public finance (Record no. 1474)

MARC details
000 -LEADER
fixed length control field 00519cam a2200205ua 4500
008 - FIXED-LENGTH DATA ELEMENTS--GENERAL INFORMATION
fixed length control field 110712n ii |||gr||||Z||||||eng
040 ## - CATALOGING SOURCE
Transcribing agency MAIN
082 ## - DEWEY DECIMAL CLASSIFICATION NUMBER
Classification number 336
100 1# - MAIN ENTRY--PERSONAL NAME
Personal name Sachdeva, A. N.,
Relator term
245 1# - TITLE STATEMENT
Title public finance
Statement of responsibility, etc. by A. N. Sachdeva
250 ## - EDITION STATEMENT
Edition statement 1st.
260 ## - PUBLICATION, DISTRIBUTION, ETC.
Place of publication, distribution, etc. lucknow:
Name of publisher, distributor, etc. Prakashan Kendra.
300 ## - PHYSICAL DESCRIPTION
Extent ii; 590p:
Dimensions 23cm.
700 ## - ADDED ENTRY--PERSONAL NAME
Personal name Awasthi, G. D,.,
Relator term
700 ## - ADDED ENTRY--PERSONAL NAME
Personal name Papola, Trilok singh,
Relator term
942 ## - ADDED ENTRY ELEMENTS (KOHA)
Koha item type Books
653 ## - INDEX TERM--UNCONTROLLED
Uncontrolled term Economics
653 ## - INDEX TERM--UNCONTROLLED
Uncontrolled term Public economics
Holdings
Withdrawn status Lost status Damaged status Not for loan Home library Current library Shelving location Date acquired Total Checkouts Full call number Barcode Date last seen Copy number Price effective from Koha item type
        Central Library, Naharkatiya College Central Library, Naharkatiya College General Stacks 19/09/2020   336 | AWA 2428 19/09/2020 1 19/09/2020 Books

Naharkatiya College © 2020. All rights reserved.

Powered By